000 00298nam a22001337a 4500
008 170324b xxu||||| |||| 00| 0 eng d
020 _a9780077382018
041 _aeng
080 _a615.93
100 _a8
101 _aSHM
245 _aATHLETIC INJURY MANAGEMENT
_cPRENTICE.W.E
942 _2udc
_cBK
999 _c8541
_d8541